[Event "World op 50th"]
[Site "Philadelphia"]
[Date "2022.07.04"]
[Round "8"]
[White "Song, Alan"]
[Black "Homa, Seth"]
[Result "0-1"]
[WhiteElo "2013"]
[BlackElo "2237"]
[PlyCount "72"]
[EventDate "2022.06.30"]
[EventType "swiss"]
[EventRounds "9"]
[EventCountry "USA"]
[SourceTitle "CBM 209 Extra"]
[Source "ChessBase"]
[SourceDate "2022.09.30"]
[SourceVersion "1"]
[SourceVersionDate "2022.09.30"]
[SourceQuality "1"]

1. e4 e5 2. Nf3 Nc6 3. Bb5 Nf6 4. d3 Bc5 5. Bxc6 dxc6 6. h3 Be6 7. 0-0 Nd7 8. Ng5 Nf8 9. Nxe6 Nxe6 10. Be3 Qe7 11. Nd2 0-0-0 12. a4 Kb8 13. Nb3 Bxe3 14. fxe3 Rdf8 15. Na5 g6 16. c3 Nd8 17. Nc4 Qe6 18. Qf3 f5 19. exf5 gxf5 20. e4 f4 21. Qh5 Nf7 22. Qf5 Qe7 23. d4 Ng5 24. Qxe5 Nxh3+ 25. gxh3 Rhg8+ 26. Kh2 Qh4 27. Rg1 Qf2+ 28. Kh1 Qf3+ 29. Kh2 Qe2+ 30. Kh1 f3 31. Rg7 Rc8 32. Rxg8 Rxg8 33. Qh2 f2 34. Nd2 Qxd2 35. Rf1 Qd3 36. Rxf2 Qb1+ 0-1

[Event "Continental op 51st"]
[Site "Sturbridge"]
[Date "2021.08.16"]
[Round "9"]
[White "Song, Alan"]
[Black "Moor, Nathaniel Philip"]
[Result "1/2-1/2"]
[WhiteElo "2076"]
[BlackElo "2041"]
[PlyCount "84"]
[EventDate "2021.08.12"]
[EventType "swiss"]
[EventRounds "9"]
[EventCountry "USA"]
[SourceTitle "CBM 203 Extra"]
[Source "ChessBase"]
[SourceDate "2021.09.30"]
[SourceVersion "1"]
[SourceVersionDate "2021.09.30"]
[SourceQuality "1"]

1. e4 c5 2. Nf3 d6 3. d4 cxd4 4. Nxd4 Nf6 5. Nc3 Nc6 6. Be2 g6 7. Be3 Bg7 8. 0-0 0-0 9. Nb3 b6 10. h3 Bb7 11. f4 Rc8 12. Bf3 e5 13. f5 d5 14. exd5 Nb4 15. fxg6 fxg6 16. Bg5 Qd6 17. a3 Na6 18. Bxf6 Qxf6 19. Bg4 Qxf1+ 20. Qxf1 Rxf1+ 21. Rxf1 Rf8 22. Be6+ Kh8 23. Rxf8+ Bxf8 24. Nb5 Kg7 25. c4 Nc5 26. Nxc5 Bxc5+ 27. Kf1 Ba6 28. Bd7 Kf6 29. b4 Bxb5 30. Bxb5 Bd4 31. Ke2 Bb2 32. c5 bxc5 33. bxc5 Bxa3 34. c6 Bd6 35. Ke3 Kg5 36. Ke4 Kh4 37. Kf3 e4+ 38. Kxe4 Kg3 39. Ba4 Kxg2 40. h4 Kg3 41. h5 Kg4 42. hxg6 hxg6 1/2-1/2

[Event "Foxwoods op 13th"]
[Site "Ledyard"]
[Date "2019.04.20"]
[Round "6"]
[White "Song, Alan"]
[Black "Murthy, Pappu LN"]
[Result "1/2-1/2"]
[WhiteElo "1983"]
[BlackElo "2025"]
[PlyCount "109"]
[EventDate "2019.04.17"]
[EventType "swiss"]
[EventRounds "9"]
[EventCountry "USA"]
[SourceTitle "CBM 189 Extra"]
[Source "ChessBase"]
[SourceDate "2019.06.03"]
[SourceVersion "1"]
[SourceVersionDate "2019.06.03"]
[SourceQuality "1"]

1. e4 c5 2. Nf3 g6 3. d4 cxd4 4. Nxd4 Bg7 5. c4 Nc6 6. Nc2 Nf6 7. Nc3 0-0 8. Be2 d6 9. Bd2 Nd7 10. b4 a5 11. a3 b6 12. b5 Ncb8 13. Rb1 Nc5 14. f3 f5 15. 0-0 f4 16. Be1 Bb7 17. Nd4 Bxd4+ 18. Qxd4 e5 19. Qd2 Rf7 20. Rd1 Rd7 21. Kh1 Kh8 22. Rg1 Nb3 23. Qb2 Nc5 24. g3 g5 25. gxf4 gxf4 26. Nd5 Rf7 27. Nxf4 Rxf4 28. Qxe5+ Rf6 29. Bc3 Nbd7 30. Qg5 Qf8 31. Bxf6+ Nxf6 32. Qe3 Nfxe4 33. fxe4 Bxe4+ 34. Rg2 Qf6 35. Rf1 Bxg2+ 36. Kxg2 Rg8+ 37. Kh1 Qe5 38. Qf3 Ne4 39. Bd3 Nc5 40. Bf5 Qg7 41. Be4 Nxe4 42. Qxe4 Qc3 43. a4 Qg7 44. Rd1 Qg4 45. Re1 Qg7 46. Rf1 Qg4 47. Qxg4 Rxg4 48. Rf8+ Kg7 49. Rd8 Rxc4 50. Rd7+ Kf8 51. Rxd6 Rxa4 52. Rxb6 Rb4 53. Rb8+ Kg7 54. b6 a4 55. Ra8 1/2-1/2

[Event "Continental op 48th"]
[Site "Sturbridge"]
[Date "2018.08.19"]
[Round "7"]
[White "Song, Alan"]
[Black "Procyk, Marijan"]
[Result "1-0"]
[WhiteElo "2043"]
[BlackElo "1940"]
[PlyCount "67"]
[EventDate "2018.08.16"]
[EventType "swiss"]
[EventRounds "9"]
[EventCountry "USA"]
[SourceTitle "CBM 186 Extra"]
[Source "ChessBase"]
[SourceDate "2018.08.24"]
[SourceVersion "1"]
[SourceVersionDate "2018.08.24"]
[SourceQuality "1"]

1. e4 c5 2. Nf3 d6 3. d4 cxd4 4. Nxd4 Nf6 5. Nc3 g6 6. Be3 Bg7 7. f3 0-0 8. Bc4 Bd7 9. Qd2 Nc6 10. 0-0-0 Rc8 11. Bb3 Ne5 12. Kb1 Nc4 13. Bxc4 Rxc4 14. g4 Qb8 15. h4 h5 16. gxh5 Nxh5 17. b3 Rc5 18. Nd5 e6 19. Ne7+ Kh7 20. Ndf5 exf5 21. Bxc5 dxc5 22. Qd5 Be6 23. Qxc5 b6 24. Qd6 Qb7 25. Nxg6 fxg6 26. Qxe6 Nf4 27. Rd7 Qb8 28. Qe7 Nh5 29. Rb7 Qc8 30. Rc7 Qb8 31. Rg1 fxe4 32. Rg5 Rg8 33. Qxe4 Qxc7 34. Qxg6+ 1-0

[Event "Continental op 48th"]
[Site "Sturbridge"]
[Date "2018.08.18"]
[Round "6"]
[White "Yu, Alex"]
[Black "Song, Alan"]
[Result "1/2-1/2"]
[WhiteElo "1852"]
[BlackElo "2043"]
[PlyCount "90"]
[EventDate "2018.08.16"]
[EventType "swiss"]
[EventRounds "9"]
[EventCountry "USA"]
[SourceTitle "CBM 186 Extra"]
[Source "ChessBase"]
[SourceDate "2018.08.24"]
[SourceVersion "1"]
[SourceVersionDate "2018.08.24"]
[SourceQuality "1"]

1. e4 c5 2. Nf3 e6 3. d4 cxd4 4. Nxd4 Nc6 5. Nc3 Qc7 6. Be3 a6 7. f3 Nf6 8. Qd2 b5 9. 0-0-0 Bb7 10. g4 h6 11. h4 b4 12. Na4 Ne5 13. Be2 d5 14. g5 hxg5 15. hxg5 Rxh1 16. Rxh1 Nfd7 17. f4 Nc6 18. g6 0-0-0 19. e5 Nxd4 20. Qxd4 fxg6 21. Rg1 Bc6 22. Bxa6+ Kb8 23. b3 Bxa4 24. bxa4 Bc5 25. Qd3 Bxe3+ 26. Qxe3 Nc5 27. Bb5 d4 28. Qf3 d3 29. Qc6 Qxc6 30. Bxc6 d2+ 31. Kd1 Kc7 32. Bb5 Kb6 33. Rxg6 Rf8 34. Kxd2 Rxf4 35. Rxg7 Rf5 36. Rg4 Ka5 37. c3 bxc3+ 38. Kxc3 Rxe5 39. Rg2 Rh5 40. Kd4 Rd5+ 41. Kc4 Ne4 42. Rg8 Nd6+ 43. Kc3 Rd1 44. Bd3 Rc1+ 45. Bc2 Rh1 1/2-1/2

[Event "Continental op 48th"]
[Site "Sturbridge"]
[Date "2018.08.17"]
[Round "4"]
[White "Song, Alan"]
[Black "Padmanabhan, Karthik Sai"]
[Result "0-1"]
[WhiteElo "2043"]
[BlackElo "1879"]
[PlyCount "98"]
[EventDate "2018.08.16"]
[EventType "swiss"]
[EventRounds "9"]
[EventCountry "USA"]
[SourceTitle "CBM 186 Extra"]
[Source "ChessBase"]
[SourceDate "2018.08.24"]
[SourceVersion "1"]
[SourceVersionDate "2018.08.24"]
[SourceQuality "1"]

1. e4 e5 2. Nf3 Nc6 3. Bb5 a6 4. Ba4 Nf6 5. 0-0 b5 6. Bb3 Bc5 7. c3 d6 8. a4 Rb8 9. d4 Bb6 10. a5 Ba7 11. h3 0-0 12. d5 Ne7 13. Qe2 Ng6 14. c4 b4 15. Be3 Bxe3 16. Qxe3 Bd7 17. Nbd2 Nf4 18. Ne1 N6h5 19. Bd1 g6 20. Bxh5 Nxh5 21. Nd3 f5 22. Rfc1 f4 23. Qe2 Nf6 24. c5 g5 25. cxd6 cxd6 26. f3 h5 27. Nc4 Bc8 28. Nb6 g4 29. Nxc8 Rxc8 30. Rxc8 Qxc8 31. Rc1 Qb7 32. Kh2 g3+ 33. Kh1 Rc8 34. Qd1 Rxc1 35. Nxc1 Qc7 36. Ne2 Nd7 37. Qc1 Nc5 38. Qc2 Qxa5 39. Ng1 Qb5 40. Ne2 Kf7 41. Kg1 Qd3 42. Qxd3 Nxd3 43. b3 Ke7 44. Kf1 h4 45. Ng1 Nc1 46. Ke1 Nxb3 47. Ne2 a5 48. Kd1 a4 49. Kc2 Nd4+ 0-1

[Event "Continental op 48th"]
[Site "Sturbridge"]
[Date "2018.08.16"]
[Round "1"]
[White "Vorontsov, Pavlo"]
[Black "Song, Alan"]
[Result "1-0"]
[WhiteElo "2578"]
[BlackElo "2043"]
[PlyCount "49"]
[EventDate "2018.08.16"]
[EventType "swiss"]
[EventRounds "9"]
[EventCountry "USA"]
[SourceTitle "CBM 186 Extra"]
[Source "ChessBase"]
[SourceDate "2018.08.24"]
[SourceVersion "1"]
[SourceVersionDate "2018.08.24"]
[SourceQuality "1"]

1. c4 c5 2. Nf3 Nc6 3. Nc3 d6 4. e3 Bg4 5. Be2 Nf6 6. h3 Bh5 7. d4 e5 8. d5 Bxf3 9. Bxf3 Ne7 10. a3 Qd7 11. b4 b6 12. Qd3 Ng6 13. Bd1 Qc8 14. Ba4+ Nd7 15. Rb1 cxb4 16. axb4 Be7 17. Bc6 Rb8 18. Qf5 Nh4 19. Qg4 g5 20. g3 Ng6 21. Ra1 a5 22. bxa5 h5 23. Qf5 Bd8 24. Ne4 Ke7 25. a6 1-0